00986pam 2200265 a 4500001000800000005001700008008004100025035002100066906004500087955010700132010001700239020004300256040001800299050002200317082001400339100002200353245007700375260003800452300003300490500002900523504006400552650001300616991006100629099003000690103841319901126132747.4891205s1990 nyua b 001 0 eng  9(DLC) 89049445 a7bcbccorignewd1eocipf19gy-gencatlg apc05 to be00 12-05-89; be20 to SCD 12-06-89; fg04 12-06-89;fm39 12-08-89; CIP ver. bd59 to SL 11-26-90 a 89049445  a0553057804:c$22.95 (in Canada $27.95) aDLCcDLCdDLC00aTX714b.M335 199000a641.52201 aMadison, Deborah.14aThe savory way /cby Deborah Madison ; illustrations by Patricia Curtan. aNew York :bBantam Books,cc1990. axx, 444 p. :bill. ;c27 cm. a"June 1990"--T.p. verso. aIncludes bibliographical references (p. 433-434) and index. 0aCookery. bc-GenCollhTX714i.M335 1990p0000856968AtCopy 1wBOOKS amadison-savory-1072543441